| 000 | nam a22 4500 | ||
|---|---|---|---|
| 999 |
_c9131 _d9131 |
||
| 008 | 180411b ||||| |||| 00| 0 eng d | ||
| 245 | _aIPs in Mindanao to get better access to quality education. | ||
| 260 |
_aPhilippines _bThe Philippine Star _cc2017 |
||
| 300 | _apage B14. | ||
| 650 | 0 |
_927303 _aNative peoples. |
|
| 942 |
_2ddc _cPER |
||